اقبال ;; Iqbal / (Record no. 85172)
[ view plain ]
| 000 -LEADER | |
|---|---|
| fixed length control field | 00782cam a22002174i 4500 |
| 001 - CONTROL NUMBER | |
| control field | 85172 |
| 003 - CONTROL NUMBER IDENTIFIER | |
| rucl marc code | BD-RjUL |
| 005 - DATE AND TIME OF LATEST TRANSACTION | |
| control field | 20250710122211.0 |
| 008 - FIXED-LENGTH DATA ELEMENTS--GENERAL INFORMATION | |
| fixed length control field | 250609s1947 ii 001 p urd |
| 035 ## - SYSTEM CONTROL NUMBER | |
| System control number | (BD-RjUL)85172 |
| 040 ## - CATALOGING SOURCE | |
| Original cataloging agency | HAI |
| Language of cataloging | ara |
| Transcribing agency | DLC |
| Description conventions | rda |
| 041 0# - LANGUAGE CODE | |
| Language code of text/sound track or separate title | urd |
| 082 ## - DEWEY DECIMAL CLASSIFICATION NUMBER | |
| Edition number | 23 |
| Classification number | 891.43914 |
| Author mark and year | AKI 1947 |
| 100 1# - MAIN ENTRY--PERSONAL NAME | |
| Personal name | اختر اورینوی، سید اختر احمد ;;; Akhtar Orinvi, Syed Akhtar Ahmed |
| Relator term | مؤلف |
| 9 (RLIN) | 15980 |
| 245 10 - TITLE STATEMENT | |
| Title | اقبال ;; Iqbal / |
| Statement of responsibility, etc. | سید اختر احمد اختر اورینوی ;; Syed Akhtar Ahmed Akhtar Orinvi |
| 250 ## - EDITION STATEMENT | |
| Edition statement | 2nd.ed. |
| 264 #1 - PRODUCTION, PUBLICATION, DISTRIBUTION, MANUFACTURE, AND COPYRIGHT NOTICE | |
| Place of production, publication, distribution, manufacture | الہ اباد : Allahabad : |
| Name of producer, publisher, distributor, manufacturer | رامزئن لعل ، ;; Ramzain Lal, |
| Date of production, publication, distribution, manufacture, or copyright notice | 1947 |
| 300 ## - PHYSICAL DESCRIPTION | |
| Pagination | 105 صفحة ؛ |
| Size | 17 سم |
| 600 14 - SUBJECT ADDED ENTRY--PERSONAL NAME | |
| Personal name | Iqbal, Muhammad, |
| Titles and other words associated with a name | Sir, |
| Dates associated with a name | 1877-1938. |
| 942 ## - ADDED ENTRY ELEMENTS (KOHA) | |
| Source of classification or shelving scheme | Dewey Decimal Classification |
| Koha item type | Books |
| Lost status | Source of classification or shelving scheme | Damaged status | Not for loan | Collection code | Permanent Location | Current Location | Shelving location | Date acquired | Source of acquisition | Cost, normal purchase price | Total Checkouts | Full call number | Date last seen | Copy number | Koha item type |
|---|---|---|---|---|---|---|---|---|---|---|---|---|---|---|---|
| Dewey Decimal Classification | Not For Loan | Non-fiction | Central Library, University of Rajshahi | Central Library, University of Rajshahi | Reading Room | 27/02/1976 | Ketab Manjil Patna, 4 | 9.00 | U 891.43914 AKI 1947 | 10/07/2025 | C-1 | Books |